[Event "Houston Juneteenth op"]
[Site "Houston"]
[Date "2025.06.20"]
[Round "2"]
[White "Elliott, Alexander"]
[Black "Ruiz Castillo, Joshua Daniel"]
[Result "1/2-1/2"]
[WhiteElo "1908"]
[BlackElo "2465"]
[PlyCount "161"]
[EventDate "2025.06.20"]
[EventType "swiss"]
[EventRounds "7"]
[EventCountry "USA"]
[SourceTitle "CB26_2025"]
[SourceDate "2025.06.25"]
[SourceVersion "1"]
[SourceVersionDate "2025.06.25"]
[SourceQuality "1"]

1. e4 c5 2. Nf3 d6 3. d4 cxd4 4. Nxd4 Nf6 5. Nc3 g6 6. Be3 Bg7 7. f3 a6 8. Qd2 h5 9. Bc4 Nbd7 10. 0-0-0 b5 11. Bd5 Nxd5 12. Nxd5 Bb7 13. Bg5 Bxd5 14. exd5 Bxd4 15. Qxd4 f6 16. Rhe1 Kf7 17. Be3 Rc8 18. Qe4 Nc5 19. Bxc5 Rxc5 20. Qe6+ Kf8 21. Re2 Rh7 22. g4 Rc4 23. b3 Rc3 24. Qe4 Qe8 25. Rde1 hxg4 26. fxg4 Rch3 27. Qf4 Qd7 28. g5 f5 29. Re6 Rxh2 30. Rxg6 Qc8 31. c4 bxc4 32. Rxd6 cxb3+ 33. Rc6 Rc2+ 34. Kb1 Rxc6 35. dxc6 bxa2+ 36. Kxa2 Qxc6 37. Qxf5+ Rf7 38. Qe5 Rf2+ 39. Ka3 Rf3+ 40. Kb2 Qb7+ 41. Kc1 Ke8 42. Qh8+ Rf8 43. Qh5+ Kd8 44. Qd1+ Qd7 45. Qxd7+ Kxd7 46. Re5 Rf1+ 47. Kd2 Ra1 48. Kc2 Kd6 49. Rf5 e6 50. Rf7 Ke5 51. g6 Ke4 52. g7 Rg1 53. Ra7 e5 54. Rxa6 Rxg7 55. Kd2 Rg2+ 56. Ke1 Kf4 57. Ra4+ e4 58. Ra3 Rb2 59. Kf1 Ke5 60. Ke1 Rc2 61. Kd1 Rf2 62. Ke1 Rg2 63. Kf1 Rc2 64. Ke1 Kf4 65. Kf1 Rc8 66. Ke2 Rh8 67. Kf2 Kg4 68. Rg3+ Kf5 69. Ra3 Kf4 70. Ke2 Rf8 71. Kf2 Kg4+ 72. Ke2 Rf3 73. Rxf3 exf3+ 74. Kf2 Kf4 75. Kf1 Ke4 76. Kf2 Kf4 77. Kf1 Kg3 78. Kg1 Kg4 79. Kf2 Kf4 80. Kf1 Ke3 81. Ke1 1/2-1/2

[Event "Merida Torre Memorial 34th"]
[Site "Merida"]
[Date "2024.12.17"]
[Round "7"]
[White "Albornoz Cabrera, Carlos Daniel"]
[Black "Ruiz Castillo, Joshua Daniel"]
[Result "1/2-1/2"]
[WhiteElo "2576"]
[BlackElo "2442"]
[PlyCount "106"]
[EventDate "2024.12.13"]
[EventType "swiss"]
[EventRounds "9"]
[EventCountry "MEX"]
[SourceTitle "CB52_2024"]
[SourceDate "2024.12.25"]
[SourceVersion "1"]
[SourceVersionDate "2024.12.25"]
[SourceQuality "1"]

1. d4 d5 2. c4 e6 3. Nc3 Nf6 4. cxd5 exd5 5. Bg5 Be6 6. e3 Nbd7 7. Bd3 c6 8. h3 Be7 9. Nge2 Nh5 10. Bxe7 Qxe7 11. Qb3 Nb6 12. a4 Nc8 13. g4 Nf6 14. Nf4 Nd6 15. g5 Nd7 16. h4 g6 17. Qc2 a5 18. 0-0-0 Nb6 19. Nxe6 Qxe6 20. Ne2 Qe7 21. b3 Nd7 22. Nf4 Nf8 23. h5 Rg8 24. hxg6 hxg6 25. Rdg1 Ne6 26. Nxe6 Qxe6 27. Rh4 Kd7 28. Qc5 b6 29. Qc2 Rh8 30. Rf4 Qe7 31. Be2 Kc7 32. Kb2 Kb7 33. Bg4 Qc7 34. Rc1 Rae8 35. Rf6 Re7 36. Be2 Rh2 37. Qd3 Re6 38. Rxe6 fxe6 39. Qxg6 Rxf2 40. Rc2 Qf7 41. Qd3 Kc7 42. g6 Qf6 43. Ka2 Rg2 44. Qc3 c5 45. Qd3 c4 46. bxc4 dxc4 47. e4 Qxg6 48. e5 Qxd3 49. exd6+ Kxd6 50. Bxd3 Rxc2+ 51. Bxc2 Kd5 52. Bg6 Kxd4 53. Kb2 b5 1/2-1/2

[Event "Merida Torre Memorial 34th"]
[Site "Merida"]
[Date "2024.12.17"]
[Round "8"]
[White "Ruiz Castillo, Joshua Daniel"]
[Black "Hidalgo Diaz, Daniel"]
[Result "1-0"]
[WhiteElo "2442"]
[BlackElo "2405"]
[PlyCount "89"]
[EventDate "2024.12.13"]
[EventType "swiss"]
[EventRounds "9"]
[EventCountry "MEX"]
[SourceTitle "CB52_2024"]
[SourceDate "2024.12.25"]
[SourceVersion "1"]
[SourceVersionDate "2024.12.25"]
[SourceQuality "1"]

1. e4 e6 2. d4 d5 3. Nc3 dxe4 4. Nxe4 Nd7 5. Nf3 Ngf6 6. Nxf6+ Nxf6 7. Bd3 Be7 8. Qe2 0-0 9. Bd2 b6 10. 0-0-0 Bb7 11. Rhg1 Rc8 12. Bg5 Qd6 13. Ne5 Nd5 14. Bd2 Nf6 15. Bf4 Nd5 16. Bd2 Nf6 17. g4 Nd7 18. g5 Nxe5 19. dxe5 Qd7 20. Bxh7+ Kxh7 21. Qh5+ Kg8 22. Rg3 Bg2 23. Rxg2 Qd5 24. Rg4 Qxa2 25. c3 Ba3 26. bxa3 Rfd8 27. Rb4 Qxa3+ 28. Kc2 Qa2+ 29. Rb2 Qa4+ 30. Kb1 Qe4+ 31. Kc1 Qxe5 32. Qf3 Rd5 33. Bf4 Rxd1+ 34. Kxd1 Qf5 35. Ke2 a5 36. Rd2 a4 37. c4 a3 38. Ra2 Rd8 39. Rxa3 Qc2+ 40. Kf1 Qxc4+ 41. Kg2 Qb5 42. h4 c5 43. Rb3 Qa5 44. Bc7 Rd4 45. Rxb6 1-0

[Event "Merida Torre Memorial 34th"]
[Site "Merida"]
[Date "2024.12.15"]
[Round "4"]
[White "Griffith, Kyron"]
[Black "Ruiz Castillo, Joshua Daniel"]
[Result "1/2-1/2"]
[WhiteElo "2397"]
[BlackElo "2442"]
[PlyCount "30"]
[EventDate "2024.12.13"]
[EventType "swiss"]
[EventRounds "9"]
[EventCountry "MEX"]
[SourceTitle "CB52_2024"]
[SourceDate "2024.12.25"]
[SourceVersion "1"]
[SourceVersionDate "2024.12.25"]
[SourceQuality "1"]

1. e4 c6 2. d4 d5 3. Nc3 dxe4 4. Nxe4 Nf6 5. Nxf6+ exf6 6. c3 Bd6 7. Bd3 0-0 8. Qc2 Re8+ 9. Ne2 h5 10. 0-0 h4 11. h3 Nd7 12. Bd2 Nf8 13. Rae1 Bc7 14. c4 Qd6 15. f4 g6 1/2-1/2

[Event "American Continental Blitz 18th"]
[Site "Medellin"]
[Date "2024.05.29"]
[Round "8"]
[White "Ruiz Castillo, Joshua Daniel"]
[Black "Soto, Miguel Angel"]
[Result "1-0"]
[WhiteElo "2425"]
[BlackElo "2354"]
[PlyCount "99"]
[EventDate "2024.05.29"]
[EventType "swiss (blitz)"]
[EventRounds "9"]
[EventCountry "COL"]
[SourceTitle "CBM 220 Extra"]
[Source "ChessBase"]
[SourceDate "2024.07.31"]
[SourceVersion "1"]
[SourceVersionDate "2024.07.31"]
[SourceQuality "1"]

1. b3 d5 2. Bb2 c5 3. e3 Nc6 4. Bb5 e6 5. Bxc6+ bxc6 6. d3 Nf6 7. Nf3 Bd6 8. Nbd2 0-0 9. e4 Nd7 10. e5 Bc7 11. c4 a5 12. a4 f5 13. exf6 gxf6 14. Qe2 e5 15. 0-0-0 Rf7 16. Kb1 Nf8 17. Ka2 Bf5 18. Nh4 Bg6 19. Nxg6 hxg6 20. g3 Qd7 21. h4 Re8 22. Bc3 f5 23. Nf3 d4 24. Bb2 Nh7 25. Ng5 Nxg5 26. hxg5 e4 27. Rh6 Rg7 28. Rdh1 Kf7 29. Bc1 Qe6 30. dxe4 Qxe4 31. Qxe4 Rxe4 32. f4 Re2+ 33. Kb1 Rf2 34. Rh8 Rf3 35. Kc2 Rxg3 36. Re1 Bd6 37. Rd8 Bf8 38. Ree8 Rg8 39. Rc8 Rh8 40. Re1 Rh2+ 41. Kb1 Bg7 42. Rc7+ Kg8 43. Re8+ Kh7 44. Ree7 Rxb3+ 45. Ka1 Rh1 46. Rxg7+ Kh8 47. Ka2 Rb4 48. Rgd7 Rxa4+ 49. Ba3 Rh2+ 50. Kb3 1-0

[Event "American Continental 18th"]
[Site "Medellin"]
[Date "2024.05.27"]
[Round "6"]
[White "Ruiz Castillo, Joshua Daniel"]
[Black "Estrada Nieto, Julian"]
[Result "1-0"]
[WhiteElo "2425"]
[BlackElo "2196"]
[PlyCount "79"]
[EventDate "2024.05.24"]
[EventType "swiss"]
[EventRounds "11"]
[EventCountry "COL"]
[SourceTitle "CBM 220 Extra"]
[Source "ChessBase"]
[SourceDate "2024.07.31"]
[SourceVersion "1"]
[SourceVersionDate "2024.07.31"]
[SourceQuality "1"]

1. d4 d5 2. Bf4 Nf6 3. e3 c5 4. c3 Nc6 5. Nd2 e6 6. Ngf3 h6 7. Bd3 Bd6 8. Bg3 0-0 9. Ne5 Bxe5 10. dxe5 Nd7 11. Qh5 f5 12. exf6 Nxf6 13. Qe2 e5 14. e4 d4 15. Bb5 Qe7 16. 0-0 Bg4 17. f3 Bd7 18. Nc4 dxc3 19. bxc3 Nd4 20. cxd4 Bxb5 21. a4 Ba6 22. dxe5 Nh5 23. f4 Qf7 24. Rac1 Rad8 25. Qc2 Nxg3 26. hxg3 Qg6 27. Rf3 Rd4 28. Nd6 b6 29. a5 Kh8 30. axb6 axb6 31. Ra1 Rxd6 32. f5 Qe8 33. exd6 Bb7 34. Ra7 Qb8 35. f6 gxf6 36. Qb2 Qxa7 37. Rxf6 Kg8 38. Rxf8+ Kxf8 39. Qf6+ Kg8 40. d7 1-0

[Event "American Continental 18th"]
[Site "Medellin"]
[Date "2024.05.24"]
[Round "1"]
[White "Bonilla Mora, Luis Daniel"]
[Black "Ruiz Castillo, Joshua Daniel"]
[Result "0-1"]
[WhiteElo "1865"]
[BlackElo "2425"]
[PlyCount "90"]
[EventDate "2024.05.24"]
[EventType "swiss"]
[EventRounds "11"]
[EventCountry "COL"]
[SourceTitle "CBM 220 Extra"]
[Source "ChessBase"]
[SourceDate "2024.07.31"]
[SourceVersion "1"]
[SourceVersionDate "2024.07.31"]
[SourceQuality "1"]

1. d4 Nf6 2. Bg5 e6 3. e4 h6 4. Bxf6 Qxf6 5. e5 Qe7 6. Nc3 d6 7. Bb5+ Bd7 8. Qe2 d5 9. Bxd7+ Qxd7 10. Nf3 Bb4 11. 0-0 Bxc3 12. bxc3 Nc6 13. Qb5 b6 14. Qd3 Na5 15. Nd2 Rc8 16. f4 g6 17. Rae1 c5 18. g4 cxd4 19. f5 gxf5 20. gxf5 Rxc3 21. Qxd4 Rxc2 22. fxe6 Rg8+ 23. Kh1 fxe6 24. Qf4 Kd8 25. Qxh6 Qg7 26. Qh4+ Kc8 27. Rg1 Qh8 28. Rxg8+ Qxg8 29. Rg1 Qe8 30. Qh7 Rc7 31. Qd3 Kb7 32. Nb3 Nxb3 33. axb3 Qh5 34. Qe3 a5 35. Qf4 Rf7 36. Qg3 b5 37. Ra1 Qf3+ 38. Qxf3 Rxf3 39. Kg2 Rxb3 40. h4 a4 41. h5 Rc3 42. h6 Rc7 43. Kf3 Rh7 44. Rh1 a3 45. Rb1 Kb6 0-1

[Event "Titled Tuesday intern op 27th Feb Early"]
[Site "Chess.com INT"]
[Date "2024.02.27"]
[Round "8"]
[White "Ruiz Castillo, Joshua Daniel"]
[Black "Abdukhakimov, Akbarali"]
[Result "1/2-1/2"]
[WhiteElo "2426"]
[BlackElo "2329"]
[PlyCount "144"]
[EventDate "2024.02.27"]
[EventType "swiss (blitz)"]
[EventRounds "11"]
[EventCountry "USA"]
[SourceTitle "EXT 2025"]
[Source "ChessBase"]
[SourceDate "2024.10.14"]
[SourceVersion "1"]
[SourceVersionDate "2024.10.14"]
[SourceQuality "1"]

1. e4 c5 2. Nf3 d6 3. Bb5+ Nd7 4. d4 cxd4 5. Nxd4 a6 6. Bxd7+ Bxd7 7. c4 Nf6 8. Nc3 g6 9. 0-0 Bg7 10. f3 0-0 11. Be3 Rc8 12. Qd3 Qc7 13. Rac1 Qxc4 14. Qd2 Qc7 15. Rfd1 Qb8 16. a4 b5 17. a5 Rc4 18. b3 Rc7 19. Nc2 Rfc8 20. Nb4 Qb7 21. Bb6 Rxc3 22. Rxc3 Rxc3 23. Qxc3 Nd5 24. Qd2 Nxb6 25. axb6 Qxb6+ 26. Kh1 Be6 27. Nd5 Bxd5 28. Qxd5 h5 29. Qa8+ Kh7 30. Qe8 a5 31. Qxe7 a4 32. Qxd6 Qe3 33. bxa4 bxa4 34. Qd3 Qc5 35. h3 a3 36. Qb3 Qc3 37. Qxf7 Qb2 38. f4 a2 39. f5 a1Q 40. Qxg6+ Kg8 41. Qe8+ Kh7 42. Qxh5+ Kg8 43. Qe8+ Kh7 44. Qg6+ Kg8 45. Rxa1 Qxa1+ 46. Kh2 Qe5+ 47. g3 Qxe4 48. h4 Qc2+ 49. Kh3 Kh8 50. Qe8+ Kh7 51. Qe6 Qd1 52. Qe4 Qf1+ 53. Kg4 Qd1+ 54. Qf3 Qd4+ 55. Kh3 Bf6 56. g4 Be5 57. g5 Qg1 58. Qh5+ Kg7 59. Qg6+ Kf8 60. Qh6+ Kg8 61. Qe6+ Kh7 62. Qxe5 Qh1+ 63. Kg4 Qg2+ 64. Kf4 Qh2+ 65. Ke4 Qe2+ 66. Kd5 Qb5+ 67. Kd6 Qb8+ 68. Ke6 Qe8+ 69. Kd5 Qb5+ 70. Ke6 Qe8+ 71. Kf6 Qh8+ 72. Ke6 Qe8+ 1/2-1/2

[Event "Titled Tuesday intern op 27th Feb Early"]
[Site "Chess.com INT"]
[Date "2024.02.27"]
[Round "1"]
[White "Ruiz Castillo, Joshua Daniel"]
[Black "Gevorgyan, Maria"]
[Result "1-0"]
[WhiteElo "2426"]
[BlackElo "2225"]
[PlyCount "71"]
[EventDate "2024.02.27"]
[EventType "swiss (blitz)"]
[EventRounds "11"]
[EventCountry "USA"]
[SourceTitle "EXT 2025"]
[Source "ChessBase"]
[SourceDate "2024.10.14"]
[SourceVersion "1"]
[SourceVersionDate "2024.10.14"]
[SourceQuality "1"]

1. b3 e5 2. Bb2 d6 3. c4 Nc6 4. e3 Nf6 5. d4 exd4 6. exd4 d5 7. c5 Be7 8. Bd3 0-0 9. Nd2 Re8 10. Ne2 b6 11. Rc1 Nb4 12. Bb1 Ba6 13. 0-0 Bxc5 14. Re1 Bd6 15. Nf3 c5 16. a3 Nc6 17. dxc5 bxc5 18. b4 c4 19. Qa4 Bb7 20. Ned4 Ne5 21. h3 a6 22. Qd1 Nxf3+ 23. Qxf3 Be5 24. Nc6 Bxc6 25. Bxe5 Ne4 26. Bxe4 dxe4 27. Qg3 f6 28. Rxc4 Rxe5 29. Rxc6 Qd7 30. Rec1 g6 31. Rxf6 Rae8 32. Qe3 Rd5 33. Rxa6 Rd3 34. Qa7 Qd5 35. Qc5 Qd7 36. Ra7 1-0

[Event "Titled Tuesday intern op 27th Feb Early"]
[Site "Chess.com INT"]
[Date "2024.02.27"]
[Round "3"]
[White "Ruiz Castillo, Joshua Daniel"]
[Black "Nakamura, Hikaru"]
[Result "0-1"]
[WhiteElo "2426"]
[BlackElo "2788"]
[PlyCount "48"]
[EventDate "2024.02.27"]
[EventType "swiss (blitz)"]
[EventRounds "11"]
[EventCountry "USA"]
[SourceTitle "EXT 2025"]
[Source "ChessBase"]
[SourceDate "2024.10.14"]
[SourceVersion "1"]
[SourceVersionDate "2024.10.14"]
[SourceQuality "1"]

1. b3 e5 2. Bb2 Nc6 3. Nf3 e4 4. Nd4 Nxd4 5. Bxd4 d5 6. e3 Ne7 7. Bb2 Nf5 8. d3 Bb4+ 9. c3 Bd6 10. dxe4 dxe4 11. Qc2 0-0 12. Nd2 Re8 13. 0-0-0 Qe7 14. h4 a5 15. h5 a4 16. Nc4 axb3 17. axb3 Bc5 18. b4 Ba7 19. g4 Nh6 20. g5 Qxg5 21. Be2 Qf6 22. Rh2 Be6 23. Rg2 Rad8 24. Rdg1 Nf5 0-1

[Event "Titled Tuesday intern op 20th Feb Early"]
[Site "Chess.com INT"]
[Date "2024.02.20"]
[Round "10"]
[White "Koshulyan, Egor A"]
[Black "Ruiz Castillo, Joshua Daniel"]
[Result "0-1"]
[WhiteElo "2136"]
[BlackElo "2426"]
[PlyCount "90"]
[EventDate "2024.02.20"]
[EventType "swiss (blitz)"]
[EventRounds "11"]
[EventCountry "USA"]
[SourceTitle "EXT 2025"]
[Source "ChessBase"]
[SourceDate "2024.10.14"]
[SourceVersion "1"]
[SourceVersionDate "2024.10.14"]
[SourceQuality "1"]

1. e4 c5 2. Nf3 d6 3. d4 cxd4 4. Qxd4 Nc6 5. Bb5 Bd7 6. Bxc6 Bxc6 7. Nc3 e5 8. Qd3 h6 9. 0-0 Nf6 10. Nd2 Qa5 11. Nc4 Qa6 12. Nxd6+ Bxd6 13. Qxd6 Bxe4 14. Nxe4 Nxe4 15. Qxe5+ Qe6 16. Qb5+ Qc6 17. Qb4 a5 18. Qa3 f5 19. Bf4 Kf7 20. Qb3+ Kg6 21. Rad1 a4 22. Qb4 Rhd8 23. c3 Kh7 24. h3 Nc5 25. Be5 Nd3 26. Qe7 Rd7 27. Qh4 Nxe5 28. Rde1 Ng6 29. Qh5 Qxg2+ 30. Kxg2 Nf4+ 31. Kf3 Nxh5 32. Re5 Kg6 33. Rfe1 Nf6 34. Rb5 a3 35. Re6 axb2 36. Rxb2 Ra3 37. Reb6 Rxc3+ 38. Kg2 Ra3 39. R6b5 Ne4 40. h4 Nf6 41. f3 Kh5 42. Rxf5+ Kg6 43. Rfb5 Kh7 44. Kg3 Rdd3 45. Rf2 Ne4+ 0-1

[Event "Titled Tuesday intern op 20th Feb Early"]
[Site "Chess.com INT"]
[Date "2024.02.20"]
[Round "6"]
[White "Nepomniachtchi, Ian"]
[Black "Ruiz Castillo, Joshua Daniel"]
[Result "1-0"]
[WhiteElo "2758"]
[BlackElo "2426"]
[PlyCount "79"]
[EventDate "2024.02.20"]
[EventType "swiss (blitz)"]
[EventRounds "11"]
[EventCountry "USA"]
[SourceTitle "EXT 2025"]
[Source "ChessBase"]
[SourceDate "2024.10.14"]
[SourceVersion "1"]
[SourceVersionDate "2024.10.14"]
[SourceQuality "1"]

1. e4 e6 2. d4 d5 3. e5 c5 4. c3 Nc6 5. Nf3 Qb6 6. Bd3 Bd7 7. 0-0 cxd4 8. cxd4 Nb4 9. Be2 Bb5 10. Nc3 Bxe2 11. Nxe2 Ne7 12. a3 Nbc6 13. Ng3 g6 14. Bg5 Bg7 15. Qd2 h6 16. Bf6 Bxf6 17. exf6 Ng8 18. Qf4 Qd8 19. Rac1 Nxf6 20. b4 a6 21. h4 Nd7 22. Rfe1 Qb8 23. Qg4 h5 24. Qg5 Qd6 25. Rc3 Kf8 26. Ne2 Qe7 27. Qg3 Rc8 28. Nf4 Qf6 29. Ng5 Ne7 30. Ngxe6+ fxe6 31. Rxc8+ Nxc8 32. Rxe6 Qf5 33. Rxg6 Ne7 34. Rg5 Qb1+ 35. Kh2 Nf6 36. f3 Kf7 37. Qh3 Ke8 38. Qe6 Rf8 39. Rg7 Nfg8 40. Ng6 1-0

[Event "Titled Tuesday intern op 14th Mar Late"]
[Site "Chess.com INT"]
[Date "2023.03.14"]
[Round "8"]
[White "Makhnev, Denis"]
[Black "Ruiz Castillo, Joshua Daniel"]
[Result "0-1"]
[WhiteElo "2483"]
[BlackElo "2459"]
[PlyCount "78"]
[EventDate "2023.03.14"]
[EventType "swiss (blitz)"]
[EventRounds "11"]
[EventCountry "USA"]
[SourceTitle "EXT 2024"]
[Source "ChessBase"]
[SourceDate "2023.10.10"]
[SourceVersion "1"]
[SourceVersionDate "2023.10.10"]
[SourceQuality "1"]

1. d4 d5 2. c4 e6 3. Nf3 a6 4. Nbd2 Nf6 5. Qc2 Nbd7 6. g3 b6 7. Bg2 Bb7 8. cxd5 exd5 9. 0-0 Bd6 10. Nh4 0-0 11. Nf5 Re8 12. Nxd6 cxd6 13. e3 Ne4 14. Nxe4 dxe4 15. Bd2 Rc8 16. Qb3 Nf6 17. Rfc1 Re7 18. Bh3 Rxc1+ 19. Rxc1 Rc7 20. Rc3 Rxc3 21. bxc3 d5 22. c4 dxc4 23. Qxc4 Nd5 24. Qc2 Nf6 25. Bb4 h5 26. Bf1 Qc8 27. Qb1 h4 28. Be7 hxg3 29. hxg3 Ng4 30. Be2 b5 31. Qd1 Nh6 32. d5 Qd7 33. d6 Nf5 34. Bg4 Bc8 35. Qc2 Qe6 36. Qc7 Bd7 37. Qb7 Kh7 38. Qxa6 Qc4 39. Qa3 Qd5 0-1

[Event "Titled Tuesday intern op 14th Mar Late"]
[Site "Chess.com INT"]
[Date "2023.03.14"]
[Round "7"]
[White "Ruiz Castillo, Joshua Daniel"]
[Black "Rustemov, Alexander"]
[Result "1-0"]
[WhiteElo "2459"]
[BlackElo "2525"]
[PlyCount "85"]
[EventDate "2023.03.14"]
[EventType "swiss (blitz)"]
[EventRounds "11"]
[EventCountry "USA"]
[SourceTitle "EXT 2024"]
[Source "ChessBase"]
[SourceDate "2023.10.10"]
[SourceVersion "1"]
[SourceVersionDate "2023.10.10"]
[SourceQuality "1"]

1. b3 d5 2. Bb2 Nf6 3. Nf3 Bf5 4. Nh4 Bd7 5. g3 e6 6. Bg2 Be7 7. c4 0-0 8. 0-0 c5 9. cxd5 Nxd5 10. Nf3 Nc6 11. Nc3 Nxc3 12. Bxc3 Bf6 13. Rc1 Bxc3 14. Rxc3 Qe7 15. d4 cxd4 16. Nxd4 Nxd4 17. Qxd4 Bb5 18. Rfc1 Rfd8 19. Qe5 Ba6 20. Rc7 Rd7 21. Rc8+ Rd8 22. Rxa8 Rxa8 23. Bf3 Rd8 24. Rc7 Qf6 25. Qxf6 gxf6 26. Bh5 Rd2 27. Bxf7+ Kh8 28. Bxe6 Rxe2 29. Bf5 Rxa2 30. Rxh7+ Kg8 31. Rc7 Ra5 32. g4 Rb5 33. h4 Rxb3 34. Be6+ Kh8 35. Bxb3 Bf1 36. Kxf1 a5 37. h5 a4 38. Bc2 b5 39. h6 f5 40. Bxf5 Kg8 41. Bg6 Kf8 42. h7 a3 43. h8Q# 1-0

[Event "Titled Tuesday intern op 17th Jan Early"]
[Site "Chess.com INT"]
[Date "2023.01.17"]
[Round "4"]
[White "Ciuffoletti, Paolo"]
[Black "Ruiz Castillo, Joshua Daniel"]
[Result "0-1"]
[WhiteElo "2106"]
[BlackElo "2460"]
[PlyCount "58"]
[EventDate "2023.01.17"]
[EventType "swiss (blitz)"]
[EventRounds "11"]
[EventCountry "USA"]
[SourceTitle "CBM 212 Extra"]
[Source "ChessBase"]
[SourceDate "2023.03.31"]
[SourceVersion "1"]
[SourceVersionDate "2023.03.31"]
[SourceQuality "1"]

1. e4 c5 2. d4 cxd4 3. c3 dxc3 4. Nxc3 Nc6 5. Nf3 d6 6. Bc4 e6 7. 0-0 Nf6 8. Qe2 Be7 9. Rd1 e5 10. h3 0-0 11. Be3 Be6 12. Bxe6 fxe6 13. b4 a6 14. b5 axb5 15. Qxb5 Qd7 16. Rab1 Ra3 17. Qb2 Rfa8 18. Rd2 h6 19. Qc1 d5 20. Nb5 Rxe3 21. fxe3 Nxe4 22. Rdb2 Rc8 23. Qe1 Bc5 24. Kh2 b6 25. Qe2 Rf8 26. Qd3 Qe7 27. Nc3 Nxc3 28. Qxc3 Qd6 29. Qb3 e4+ 0-1

[Event "Titled Tuesday intern op 17th Jan Early"]
[Site "Chess.com INT"]
[Date "2023.01.17"]
[Round "7"]
[White "Ruiz Castillo, Joshua Daniel"]
[Black "Rios Escobar, Adan"]
[Result "0-1"]
[WhiteElo "2460"]
[BlackElo "2276"]
[PlyCount "72"]
[EventDate "2023.01.17"]
[EventType "swiss (blitz)"]
[EventRounds "11"]
[EventCountry "USA"]
[SourceTitle "CBM 212 Extra"]
[Source "ChessBase"]
[SourceDate "2023.03.31"]
[SourceVersion "1"]
[SourceVersionDate "2023.03.31"]
[SourceQuality "1"]

1. Nf3 Nf6 2. g3 g6 3. Bg2 Bg7 4. 0-0 c5 5. d4 cxd4 6. Nxd4 0-0 7. c4 Nc6 8. Nc3 Qa5 9. e3 d6 10. Nxc6 bxc6 11. Bxc6 Rb8 12. Qa4 Qh5 13. Bg2 Bh3 14. f3 Bxg2 15. Kxg2 Rfc8 16. Rf2 Rb7 17. b3 d5 18. Qa6 Rcb8 19. Ba3 dxc4 20. Qxc4 e6 21. Rc1 g5 22. g4 Qg6 23. Bd6 Rd8 24. Bg3 h5 25. h3 Rbd7 26. Rcc2 Rd3 27. Rfe2 Rxe3 28. Nb5 Rdd3 29. Rxe3 Rxe3 30. Bf2 Nd5 31. Bg3 Rd3 32. Qc8+ Kh7 33. Re2 h4 34. Bh2 Rd1 35. Nd6 Qd3 36. Rf2 Ne3# 0-1

[Event "Titled Tuesday intern op 10th Jan Late"]
[Site "Chess.com INT"]
[Date "2023.01.10"]
[Round "7"]
[White "Kozin, Yuri"]
[Black "Ruiz Castillo, Joshua Daniel"]
[Result "0-1"]
[WhiteElo "2251"]
[BlackElo "2460"]
[PlyCount "68"]
[EventDate "2023.01.10"]
[EventType "swiss (blitz)"]
[EventRounds "11"]
[EventCountry "USA"]
[SourceTitle "EXT 2024"]
[Source "ChessBase"]
[SourceDate "2023.10.10"]
[SourceVersion "1"]
[SourceVersionDate "2023.10.10"]
[SourceQuality "1"]

1. e4 c6 2. d4 d5 3. exd5 cxd5 4. c4 Nf6 5. Nc3 e6 6. Nf3 Bb4 7. cxd5 Nxd5 8. Bd2 0-0 9. Bd3 b6 10. Qc2 Nf6 11. 0-0 Ba6 12. Bxa6 Nxa6 13. Qa4 Bxc3 14. bxc3 Nc7 15. Bg5 h6 16. Bh4 Ncd5 17. c4 Nf4 18. Rfd1 Ne2+ 19. Kh1 Nc3 20. Qb3 Nxd1 21. Rxd1 Rc8 22. Ne5 Qc7 23. Bxf6 gxf6 24. Qg3+ Kh7 25. Qd3+ f5 26. Rc1 Rfd8 27. Qe3 f6 28. Nd3 Qd6 29. h3 e5 30. d5 Qd7 31. Qe2 Rg8 32. Nb4 Rc5 33. Nc6 b5 34. Qd3 bxc4 0-1